<?xml version="1.0" encoding="UTF-8"?>
<record
    xmlns:xsi="http://www.w3.org/2001/XMLSchema-instance"
    xsi:schemaLocation="http://www.loc.gov/MARC21/slim http://www.loc.gov/standards/marcxml/schema/MARC21slim.xsd"
    xmlns="http://www.loc.gov/MARC21/slim">

  <leader>00722nam a22002177a 4500</leader>
  <controlfield tag="003">BPGM</controlfield>
  <controlfield tag="008">260618s        mx ||||gr|||| 00| | SPA||</controlfield>
  <datafield tag="020" ind1=" " ind2=" ">
    <subfield code="a">SIN ISBN</subfield>
  </datafield>
  <datafield tag="040" ind1=" " ind2=" ">
    <subfield code="b">spa</subfield>
  </datafield>
  <datafield tag="041" ind1=" " ind2=" ">
    <subfield code="a">SPA</subfield>
    <subfield code="h">SPA</subfield>
  </datafield>
  <datafield tag="082" ind1="0" ind2="4">
    <subfield code="2">PRIMERA EDICI&#xD3;N</subfield>
    <subfield code="a">CQ / 920.71 / L63 / Q47</subfield>
    <subfield code="b">L63 / Q47</subfield>
  </datafield>
  <datafield tag="100" ind1=" " ind2=" ">
    <subfield code="a">GARRIDO DEL TORAL, ANDR&#xC9;S</subfield>
    <subfield code="c">PR&#xD3;LOGO</subfield>
  </datafield>
  <datafield tag="245" ind1=" " ind2=" ">
    <subfield code="a">QUER&#xC9;TARO MEMORIAS DE CONCEPCI&#xD3;N DE LOMBARDO VDA. DE MIRAM&#xD3;N</subfield>
  </datafield>
  <datafield tag="260" ind1=" " ind2=" ">
    <subfield code="a">QUER&#xC9;TARO, M&#xC9;XICO</subfield>
    <subfield code="b">ARCHIVO HIST&#xD3;RICO DEL ESTADO</subfield>
    <subfield code="c">NOVIEMBRE 1993</subfield>
  </datafield>
  <datafield tag="300" ind1=" " ind2=" ">
    <subfield code="a">128 P&#xC1;GINAS;</subfield>
    <subfield code="c">21.1 CM X 13.8 CM</subfield>
  </datafield>
  <datafield tag="336" ind1=" " ind2=" ">
    <subfield code="2">rdacontent</subfield>
    <subfield code="a">texto</subfield>
    <subfield code="b">txt</subfield>
  </datafield>
  <datafield tag="337" ind1=" " ind2=" ">
    <subfield code="2">rdamedia</subfield>
    <subfield code="a">sin mediaci&#xF3;n</subfield>
    <subfield code="b">n</subfield>
  </datafield>
  <datafield tag="338" ind1=" " ind2=" ">
    <subfield code="2">rdacarrier</subfield>
    <subfield code="a">volumen </subfield>
    <subfield code="b">nc</subfield>
  </datafield>
  <datafield tag="650" ind1=" " ind2=" ">
    <subfield code="a">POL&#xCD;TICA</subfield>
    <subfield code="v">920</subfield>
    <subfield code="x">900</subfield>
    <subfield code="y">20</subfield>
    <subfield code="z">0</subfield>
  </datafield>
  <datafield tag="942" ind1=" " ind2=" ">
    <subfield code="2">ddc</subfield>
    <subfield code="c">COLQ</subfield>
  </datafield>
  <datafield tag="952" ind1=" " ind2=" ">
    <subfield code="0">0</subfield>
    <subfield code="1">0</subfield>
    <subfield code="2">ddc</subfield>
    <subfield code="4">0</subfield>
    <subfield code="7">2</subfield>
    <subfield code="8">GENERAL</subfield>
    <subfield code="a">BPCEFC</subfield>
    <subfield code="b">BPCEFC</subfield>
    <subfield code="c">ACCESO "B" PLANTA ALTA</subfield>
    <subfield code="d">2026-06-18</subfield>
    <subfield code="e">DONACI&#xD3;N </subfield>
    <subfield code="f">ACCESO "B"</subfield>
    <subfield code="i">EJ. 1</subfield>
    <subfield code="l">0</subfield>
    <subfield code="o">CQ / 920.71 / L63 / Q47</subfield>
    <subfield code="r">2026-06-18 17:08:31</subfield>
    <subfield code="t">EJ. 1</subfield>
    <subfield code="w">2026-06-18</subfield>
    <subfield code="y">COLQ</subfield>
  </datafield>
  <datafield tag="952" ind1=" " ind2=" ">
    <subfield code="0">0</subfield>
    <subfield code="1">0</subfield>
    <subfield code="2">ddc</subfield>
    <subfield code="4">0</subfield>
    <subfield code="7">1</subfield>
    <subfield code="8">GENERAL</subfield>
    <subfield code="a">BPCEFC</subfield>
    <subfield code="b">BPCEFC</subfield>
    <subfield code="c">ACCESO "B" PLANTA ALTA</subfield>
    <subfield code="d">2026-06-18</subfield>
    <subfield code="e">DONACI&#xD3;N </subfield>
    <subfield code="f">ACCESO "B"</subfield>
    <subfield code="i">EJ. 2</subfield>
    <subfield code="l">0</subfield>
    <subfield code="o">CQ / 920.71 / L63 / Q47</subfield>
    <subfield code="r">2026-06-18 17:08:31</subfield>
    <subfield code="t">EJ. 2</subfield>
    <subfield code="w">2026-06-18</subfield>
    <subfield code="y">COLQ</subfield>
  </datafield>
  <datafield tag="952" ind1=" " ind2=" ">
    <subfield code="0">0</subfield>
    <subfield code="1">0</subfield>
    <subfield code="2">ddc</subfield>
    <subfield code="4">0</subfield>
    <subfield code="7">1</subfield>
    <subfield code="8">GENERAL</subfield>
    <subfield code="a">BPCEFC</subfield>
    <subfield code="b">BPCEFC</subfield>
    <subfield code="c">ACCESO "B" PLANTA ALTA</subfield>
    <subfield code="d">2026-06-18</subfield>
    <subfield code="e">DONACI&#xD3;N </subfield>
    <subfield code="f">ACCESO "B"</subfield>
    <subfield code="i">EJ. 3</subfield>
    <subfield code="l">0</subfield>
    <subfield code="o">CQ / 920.71 / L63 / Q47</subfield>
    <subfield code="r">2026-06-18 17:08:31</subfield>
    <subfield code="t">EJ. 3</subfield>
    <subfield code="w">2026-06-18</subfield>
    <subfield code="y">COLQ</subfield>
  </datafield>
  <datafield tag="999" ind1=" " ind2=" ">
    <subfield code="c">68623</subfield>
    <subfield code="d">68623</subfield>
  </datafield>
</record>
